Internal combustion engines and air pollution (Record no. 4453)

000 -LEADER
fixed length control field 00551nam a22001937a 4500
001 - CONTROL NUMBER
control field 4453
003 - CONTROL NUMBER IDENTIFIER
control field BD-DhUET
008 - FIXED-LENGTH DATA ELEMENTS--GENERAL INFORMATION
fixed length control field 141116b xxu||||| |||| 00| 0 eng d
020 ## - INTERNATIONAL STANDARD BOOK NUMBER
International Standard Book Number 0352045600
040 ## - CATALOGING SOURCE
Transcribing agency 0
Modifying agency BD-DhUET
082 ## - DEWEY DECIMAL CLASSIFICATION NUMBER
Classification number 621.43
Item number OBE/1973
100 ## - MAIN ENTRY--PERSONAL NAME
Personal name Obert, Edward F.
245 ## - TITLE STATEMENT
Title Internal combustion engines and air pollution
Remainder of title based on internal combustion engines
250 ## - EDITION STATEMENT
Edition statement 3rd ed.
260 ## - PUBLICATION, DISTRIBUTION, ETC. (IMPRINT)
Place of publication, distribution, etc. New York
Name of publisher, distributor, etc. Intext Educational Publishers
Date of publication, distribution, etc. 1973
300 ## - PHYSICAL DESCRIPTION
Extent xiii, 740 p.
Other physical details ill.
650 #0 - SUBJECT ADDED ENTRY--TOPICAL TERM
Topical term or geographic name as entry element Internal combustion engines
942 ## - ADDED ENTRY ELEMENTS (KOHA)
Koha item type General Book
Holdings
Piece designation (barcode) Not for loan Source of classification or shelving scheme Location (home branch) Koha full call number Sublocation or collection (holding branch) Shelving location Withdrawn status Copy number Koha issues (times borrowed) Koha item type Koha date last seen Damaged status Date acquired Koha normalized classification for sorting Koha date last borrowed Price effective from Lost status
42113  Central Library, BUET621.43/OBE/1973Central Library, BUETCirculation section  1General Book2015-10-12 2014-11-16621_000000000000000_43OBE19732014-11-162014-11-16 
42111  Central Library, BUET621.43/OBE/1973Central Library, BUETCirculation section 23General Book2018-02-17 2015-04-13621_430000000000000_OBE_19732018-02-032015-04-13 
42105  Central Library, BUET621.43/OBE/1973Central Library, BUETReading section 3 Reading Item2015-06-16 2015-06-16621_430000000000000_OBE_1973 2015-06-16 
48959  Central Library, BUET621.43/OBE/1973Central Library, BUETReading section 4 Reading Item2015-06-30 2015-06-30621_430000000000000_OBE_1973 2015-06-30 
42108  Central Library, BUET621.43/OBE/1973Central Library, BUETReading section 5 Reading Item2015-07-02 2015-07-02621_430000000000000_OBE_1973 2015-07-02 
48939  Central Library, BUET621.43/OBE/1973Central Library, BUETReading section 6 Reading Item2015-07-04 2015-07-04621_430000000000000_OBE_1973 2015-07-04